Combien de pattes a cet animal ? - Statistiques

Statistiques générales
  • Ce quiz a été pris 99 fois
  • Le résultat moyen est 7 sur 15
Statistiques - réponses
Hint Réponse % Correct
Araignée 8
87%
Coccinelle 6
83%
Mille-pattes + de 14
78%
Fourmi 6
74%
Phasme 6
64%
Cafard 6
63%
Puce 6
62%
Scorpion 8
43%
Homard 10
36%
Crevette 10
36%
Acarien 8
35%
Bernard l'ermite 10
30%
Tique 8
23%
Crabe 10
17%
Cloporte 14
14%
Aucun quiz correspondant
Distribution des résultats
% des personnes avec chaque résultat
Percentile par nombre de réponses
Votre historique - résultats
Vous n’avez pas pris ce quiz